| 000 | 01175nam a22004210a 4500 | ||
|---|---|---|---|
| 001 | PT60872 | ||
| 003 | AR-LpoUNG | ||
| 005 | 20210131232016.0 | ||
| 008 | 191001s2009||||ag |||||||||||||||||spa d | ||
| 020 |
_a9789879961094 _c$7.50 |
||
| 040 |
_aAR-LpoUNG _bspa _cAR-LpoUNG _eaacr |
||
| 041 | _aspa | ||
| 044 | _aag | ||
| 082 | 0 | _a982.065 837his | |
| 100 | 1 |
_aVázquez, Inés _eint. |
|
| 245 | 1 | 0 | _aHistoria de las Madres de Plaza de Mayo |
| 250 | _a1ra. ed., 2da. reimpr. | ||
| 260 |
_aBuenos Aires : _bMadres de Plaza de Mayo, _c2009. |
||
| 300 |
_a269 p. : _bfot. |
||
| 650 | 4 | _aANALISIS HISTORICO | |
| 650 | 4 | _aARGENTINA | |
| 650 | 4 | _aDERECHOS CIVILES | |
| 650 | 4 | _aDERECHOS HUMANOS | |
| 650 | 4 | _aDICTADURA | |
| 650 | 4 | _aGOBIERNO MILITAR | |
| 650 | 4 | _aHISTORIA POLITICA | |
| 650 | 4 | _aMUJERES | |
| 650 | 4 | _aPARTICIPACION POLITICA | |
| 653 | _aCENTROS CLANDESTINOS DE DETENCION | ||
| 653 | _aDESAPARECIDOS | ||
| 653 | _aMADRES DE PLAZA DE MAYO | ||
| 653 | _aMEMORIA COLECTIVA | ||
| 653 | _aTERRORISMO DE ESTADO | ||
| 700 | 1 |
_aQuiroga, Jorge _epról. |
|
| 710 | 2 | _aAsociación de Madres de Plaza de Mayo | |
| 905 | _a60872 | ||
| 942 | _cLIB | ||
| 999 |
_c13187 _d13187 |
||